| 000 | 00686nam a2200193 4500 | ||
|---|---|---|---|
| 008 | 151121b xxu||||| |||| 00| 0 eng d | ||
| 020 | _a0721686435 | ||
| 050 | _aRC 440.F58 1998 | ||
| 100 |
_aVarcarolis, Elizabeth M. _d1998 |
||
| 245 |
_aFoundations of psychiatric mental health nursing/ _c Elizabeth M.Varcarolis |
||
| 250 | _a3rd ed. | ||
| 260 |
_aSt. Louis, Mo. : _bSaunders/Elsevier, _c©1998. |
||
| 300 |
_axxiii, 1081 p. : _bill. ; _c29 cm. |
||
| 500 | _aIncludes bibliographical references and index. | ||
| 650 | _aPsychiatric nursing. | ||
| 650 |
_aMental Disorders _2nursing |
||
| 650 | _aPsychiatric Nursing. | ||
| 942 |
_2lcc _cBOOKS _hRC 440.F58 1998 |
||
| 999 |
_c9927 _d9927 |
||